[Event "Eastern Ontario op"]
[Site "Ottawa CAN"]
[Date "2022.06.11"]
[Round "?"]
[White "Krolczyk, Jacob"]
[Black "Laurin, Marcel"]
[Result "1-0"]
[WhiteElo "1766"]
[BlackElo "1610"]
[PlyCount "87"]
[EventDate "2022.06.10"]
[EventType "swiss"]
[EventRounds "5"]
[EventCountry "CAN"]

1. e4 b6 2. d4 Bb7 3. Bd3 e6 4. Nf3 h6 5. c4 d6 6. Nc3 Ne7 7. Bd2 Nd7 8. O-O g5
9. h3 Ng6 10. e5 Bxf3 11. Qxf3 dxe5 12. Bxg6 fxg6 13. Qe4 Kf7 14. d5 Bd6 15.
dxe6+ Kxe6 16. Qd5+ Ke7 17. Rae1 Nf6 18. Qf3 Rf8 19. b4 Kd7 20. Qd3 Kc8 21. c5
bxc5 22. bxc5 Bxc5 23. Qa6+ Kb8 24. Rxe5 Bb6 25. Be3 Qd6 26. Rb5 Qc6 27. Rc1
Qb7 28. Qa3 Re8 29. Rcb1 Kc8 30. Bd4 a6 31. R5b3 Qc6 32. Bxb6 cxb6 33. Rxb6
Re1+ 34. Rxe1 Qxb6 35. Na4 Qd4 36. Qf8+ Kb7 37. Nc5+ Kc6 38. Qxa8+ Kxc5 39.
Qxa6 Qd2 40. Qc8+ Kd4 41. Qd8+ Nd5 42. Qh8+ Kd3 43. Qe5 Qxa2 44. Rd1+ 1-0

[Event "Eastern Ontario op"]
[Site "Ottawa CAN"]
[Date "2022.06.11"]
[Round "?"]
[White "Li, William"]
[Black "Qiao, Cindy"]
[Result "1-0"]
[WhiteElo "2275"]
[BlackElo "1736"]
[PlyCount "57"]
[EventDate "2022.06.10"]
[EventType "swiss"]
[EventRounds "5"]
[EventCountry "CAN"]

1. e4 c5 2. Nf3 d6 3. Bb5+ Nd7 4. a4 Ngf6 5. Nc3 g6 6. O-O Bg7 7. a5 a6 8. Be2
O-O 9. d3 b6 10. axb6 Qxb6 11. Nd2 Ne5 12. Kh1 Bb7 13. f4 Nc6 14. Na4 Qc7 15.
c3 e6 16. Bf3 Nd7 17. Nc4 Ne7 18. Be3 d5 19. Ne5 Nxe5 20. fxe5 dxe4 21. Bxe4
Bxe4 22. dxe4 Bxe5 23. Bxc5 Rfe8 24. Qf3 Nc6 25. Nb6 Rab8 26. Nc4 Rb7 27. Rxa6
Nb8 28. Rb6 Rxb6 29. Bxb6 1-0

[Event "Eastern Ontario op"]
[Site "Ottawa CAN"]
[Date "2022.06.10"]
[Round "?"]
[White "Petrovic, Milos"]
[Black "Li, William"]
[Result "1-0"]
[WhiteElo "1981"]
[BlackElo "2275"]
[PlyCount "80"]
[EventDate "2022.06.10"]
[EventType "swiss"]
[EventRounds "5"]
[EventCountry "CAN"]

1. e4 c5 2. Nf3 d6 3. d4 cxd4 4. Nxd4 Nf6 5. Nc3 a6 6. Bg5 e6 7. f4 b5 8. a3
Bb7 9. Bd3 Nbd7 10. Qe2 Be7 11. O-O-O O-O 12. g4 Rc8 13. Qd2 Qb6 14. Nb3 e5 15.
Bxf6 Nxf6 16. g5 Ng4 17. Rdf1 Ne3 18. Rf3 exf4 19. Nd5 Bxd5 20. exd5 Bxg5 21.
h4 Bf6 22. Rxf4 Nc4 23. Bxc4 bxc4 24. Qa5 Qe3+ 25. Qd2 Qb6 26. Qa5 Qb7 27. Nd4
Be5 28. Re4 f5 29. Rxe5 dxe5 30. Ne6 Rf7 31. Rg1 f4 32. d6 Re8 33. Nc7 Rxc7 34.
dxc7 Qb5 35. Qxb5 axb5 36. Rd1 f3 37. Rd8 f2 38. Rxe8+ Kf7 39. Rf8+ Kxf8 40.
c8=Q+ Ke7 1-0

[Event "Eastern Ontario op"]
[Site "Ottawa CAN"]
[Date "2022.06.11"]
[Round "?"]
[White "Sharma, Vishruth"]
[Black "Petrovic, Milos"]
[Result "1-0"]
[WhiteElo "2101"]
[BlackElo "1981"]
[PlyCount "148"]
[EventDate "2022.06.10"]
[EventType "swiss"]
[EventRounds "5"]
[EventCountry "CAN"]

1. e4 e6 2. d4 d5 3. Nc3 Bb4 4. e5 c5 5. a3 Bxc3+ 6. bxc3 Ne7 7. Qg4 Nf5 8. Bd3
h5 9. Qf4 Qh4 10. Ne2 Qxf4 11. Nxf4 Ne7 12. a4 Nbc6 13. Be3 cxd4 14. cxd4 Nb4
15. c3 Nxd3+ 16. Nxd3 h4 17. Bc1 h3 18. g4 b6 19. Nf4 Ba6 20. Rg1 Ng6 21. Nxg6
fxg6 22. Rg3 Kd7 23. Ba3 Rh4 24. Kd2 Rc8 25. Bb4 Rc7 26. Ke3 g5 27. Rag1 Ke8
28. a5 bxa5 29. Bxa5 Rb7 30. Bb4 Bc4 31. Rf3 Kd7 32. Rf8 Kc6 33. Re8 Rh6 34.
Ra1 a6 35. Ra5 Bb5 36. Rc8+ Rc7 37. Rf8 Rh4 38. f3 Rh6 39. Kf2 Kb6 40. Kg3 Kb7
41. Ra3 Bc4 42. Bd6 Rd7 43. Ra5 Bb5 44. Ra1 Kc6 45. Rb8 Rf7 46. Ba3 Be2 47. Rf8
Rb7 48. Bc1 Rh7 49. Bxg5 Rb2 50. Re8 Bc4 51. Rxe6+ Kb5 52. Bd8 Rg2+ 53. Kf4 Ba2
54. Rb6+ Kc4 55. Rc6+ Kd3 56. Rh1 Rh8 57. Be7 Re8 58. Ba3 Rg8 59. e6 Re2 60. e7
g5+ 61. Kf5 Rf2 62. Rf6 Rxf3+ 63. Ke6 Re3+ 64. Kf7 Rh8 65. Rhf1 Kxc3 66. Re6
Rh7+ 67. Kg8 Rxe6 68. Kxh7 Kxd4 69. Kg7 Kc3 70. Rf6 Re2 71. Kf8 Bb3 72. Rxa6
Rf2+ 73. Kg7 Re2 74. Kf7 Rf2+ 1-0

[Event "Eastern Ontario op"]
[Site "Ottawa CAN"]
[Date "2022.06.10"]
[Round "1"]
[White "Batorshyn, Ilia"]
[Black "Jaferian, Koosha"]
[Result "0-1"]
[WhiteElo "2026"]
[BlackElo "2163"]
[PlyCount "72"]
[EventDate "2022.06.10"]
[EventType "swiss"]
[EventRounds "5"]
[EventCountry "CAN"]

1. c4 c5 2. g3 g6 3. Bg2 Bg7 4. Nc3 Nc6 5. e4 d6 6. Nge2 Nf6 7. O-O O-O 8. d3
Ne8 9. Be3 Nc7 10. a3 Ne6 11. Rb1 a5 12. Nd5 Ned4 13. Nxd4 Nxd4 14. b4 e6 15.
Nc3 axb4 16. axb4 Nc6 17. b5 Bxc3 18. bxc6 bxc6 19. e5 Bxe5 20. Bh6 Bg7 21.
Bxc6 Ra6 22. Bxg7 Kxg7 23. Bg2 Qf6 24. Qb3 e5 25. f4 Bf5 26. Rbe1 exf4 27. Rxf4
Ra1 28. Rxa1 Qxa1+ 29. Bf1 Ra8 30. Qb7 Ra2 31. Qf3 Qb2 32. Rh4 h5 33. Qf4 Bg4
34. Qe3 Qd4 35. Qxd4+ cxd4 36. h3 g5 0-1

[Event "Eastern Ontario op"]
[Site "Ottawa CAN"]
[Date "2022.06.10"]
[Round "1"]
[White "Plotkin, Victor"]
[Black "Zhu, Matthew"]
[Result "1-0"]
[WhiteElo "2267"]
[BlackElo "2059"]
[PlyCount "39"]
[EventDate "2022.06.10"]
[EventType "swiss"]
[EventRounds "5"]
[EventCountry "CAN"]

1. e4 c5 2. Nf3 d6 3. Bb5+ Bd7 4. Bxd7+ Qxd7 5. O-O Nc6 6. Re1 g6 7. c3 Bg7 8.
d4 cxd4 9. cxd4 e6 10. Nc3 Nge7 11. d5 Nd8 12. Bg5 e5 13. Bxe7 Kxe7 14. Rc1 f5
15. exf5 gxf5 16. Nh4 Bh6 17. Rc2 Bg5 18. Qh5 Kf6 19. f4 Bxf4 20. Nxf5 1-0

[Event "Eastern Ontario op"]
[Site "Ottawa CAN"]
[Date "2022.06.11"]
[Round "2"]
[White "Jaferian, Koosha"]
[Black "Beaulieu, Eric"]
[Result "1-0"]
[WhiteElo "2163"]
[BlackElo "2147"]
[PlyCount "117"]
[EventDate "2022.06.10"]
[EventType "swiss"]
[EventRounds "5"]
[EventCountry "CAN"]

1. e4 c5 2. Nc3 a6 3. g3 b5 4. Bg2 Bb7 5. d3 e6 6. Nh3 d6 7. O-O Qc7 8. f4 Nd7
9. Be3 Ngf6 10. Nf2 b4 11. Ne2 e5 12. f5 Be7 13. g4 h6 14. Ng3 Nh7 15. Nh5 Kf8
16. Qd2 Bg5 17. Nd1 Qd8 18. c3 a5 19. a3 bxa3 20. Rxa3 Ndf6 21. Nxf6 Qxf6 22.
Bxg5 hxg5 23. Ne3 a4 24. Rfa1 Bc6 25. b3 Qh6 26. bxa4 Nf6 27. h3 Ke7 28. a5 Ra6
29. Rb3 Rha8 30. Nc4 Nd7 31. d4 cxd4 32. cxd4 exd4 33. Qxd4 Qf6 34. Qxf6+ gxf6
35. Rc3 Nc5 36. e5 fxe5 37. Nxe5 Bxg2 38. Kxg2 dxe5 39. Rxc5 f6 40. Rb5 R8a7
41. Kg3 Kd6 42. Rd1+ Ke7 43. Rdd5 Rc7 44. Rb3 Rca7 45. Ra3 Rd6 46. Rxd6 Kxd6
47. h4 gxh4+ 48. Kxh4 e4 49. a6 Kc5 50. Kg3 Kb4 51. Ra1 Kc3 52. Kf4 Kd3 53.
Ra3+ Kd4 54. Ra4+ Kd5 55. Ke3 Kc5 56. Kxe4 Kd6 57. Ra5 Re7+ 58. Kf4 Ra7 59. g5
1-0

[Event "Eastern Ontario op"]
[Site "Ottawa CAN"]
[Date "2022.06.11"]
[Round "2"]
[White "Qiao, Cindy"]
[Black "Demchenko, Svitlana"]
[Result "0-1"]
[WhiteElo "1736"]
[BlackElo "2040"]
[PlyCount "88"]
[EventDate "2022.06.10"]
[EventType "swiss"]
[EventRounds "5"]
[EventCountry "CAN"]

1. d4 f5 2. Bg5 h6 3. Bf4 Nf6 4. e3 d6 5. Nc3 e6 6. Bc4 Nc6 7. Qf3 g5 8. Bg3
Bg7 9. O-O-O Qe7 10. h4 g4 11. Qe2 h5 12. f3 e5 13. dxe5 dxe5 14. Qd3 Nb4 15.
Qd2 Bd7 16. a3 Nc6 17. Nge2 O-O-O 18. Nd5 Nxd5 19. Bxd5 Be6 20. c4 Qf7 21. Nc3
Na5 22. Qe2 c6 23. Bxe6+ Qxe6 24. Rxd8+ Rxd8 25. Rd1 Rxd1+ 26. Qxd1 Nxc4 27. e4
Bh6+ 28. Kb1 Be3 29. Qe2 f4 30. Nd1 Nd2+ 31. Ka1 Nb3+ 32. Kb1 Nc1 33. Qe1 Qa2+
34. Kc2 Qb3+ 35. Kb1 Qd3+ 36. Ka1 Bd2 37. Qf2 fxg3 38. Qxa7 Nb3+ 39. Ka2 Nd4
40. Qa8+ Kc7 41. Qe8 Qb3+ 42. Kb1 Qxd1+ 43. Ka2 Qb3+ 44. Kb1 Bc3 0-1

[Event "Eastern Ontario op"]
[Site "Ottawa CAN"]
[Date "2022.06.11"]
[Round "2"]
[White "Saha, Ananda"]
[Black "Xu, Daniel"]
[Result "1-0"]
[WhiteElo "2077"]
[BlackElo "2100"]
[PlyCount "133"]
[EventDate "2022.06.10"]
[EventType "swiss"]
[EventRounds "5"]
[EventCountry "CAN"]

1. d4 Nf6 2. Bg5 Ne4 3. Bf4 c5 4. f3 Qa5+ 5. c3 Nf6 6. d5 Qb6 7. Bc1 e6 8. e4
exd5 9. exd5 Bd6 10. c4 O-O 11. Bd3 Be5 12. Nc3 Re8 13. Nge2 d6 14. O-O Bxc3
15. Nxc3 Nbd7 16. f4 Nf8 17. h3 Ng6 18. b3 a6 19. Bb2 Qc7 20. Qd2 Rb8 21. Rae1
Rxe1 22. Rxe1 Bd7 23. Ne4 Nxe4 24. Bxe4 f6 25. Bd3 Re8 26. Rf1 Qd8 27. Qc2 Nf8
28. Bc3 Re7 29. Rf3 Kh8 30. Qf2 Qe8 31. Kh2 Qh5 32. f5 Qe8 33. Qg3 Qb8 34. Rf4
Be8 35. Rg4 Nd7 36. Bd2 Ne5 37. Rh4 Bf7 38. Bc2 b5 39. Qc3 Qb6 40. Rf4 Rb7 41.
cxb5 axb5 42. Be4 Ra7 43. Be3 b4 44. Qd2 Qb5 45. g4 Ra3 46. Rf2 c4 47. g5 cxb3
48. axb3 Rxb3 49. gxf6 Nc4 50. fxg7+ Kg8 51. Qc2 Rc3 52. Qb1 Na3 53. Qe1 Qe8
54. Bd2 Qe5+ 55. Bf4 Qf6 56. Qd2 Qh4 57. Rf3 Nc4 58. Qg2 Rxf3 59. Qxf3 Bh5 60.
Qf1 b3 61. Bd3 Ne5 62. Bxe5 dxe5 63. f6 Bf7 64. Qf5 Qf4+ 65. Qxf4 exf4 66. d6
Be6 67. d7 1-0

[Event "Eastern Ontario op"]
[Site "Ottawa CAN"]
[Date "2022.06.11"]
[Round "2"]
[White "Zhao, Harry"]
[Black "Plotkin, Victor"]
[Result "0-1"]
[WhiteElo "2169"]
[BlackElo "2267"]
[PlyCount "112"]
[EventDate "2022.06.10"]
[EventType "swiss"]
[EventRounds "5"]
[EventCountry "CAN"]

1. d4 d5 2. Nf3 Nf6 3. e3 c5 4. dxc5 Nc6 5. a3 a5 6. c4 e6 7. Nc3 Bxc5 8. cxd5
exd5 9. Be2 O-O 10. O-O Bg4 11. b3 Qd6 12. Bb2 Rfd8 13. Nb5 Qe7 14. Nfd4 Be6
15. Qc2 Nxd4 16. Nxd4 Rac8 17. Qd3 Ne4 18. Bf3 Ng5 19. Be2 Ne4 20. f3 Nf6 21.
Rfd1 Re8 22. Re1 Bd7 23. Bf1 Qd6 24. Qd2 Bb6 25. Qf2 Re7 26. Rad1 Rce8 27. Bd3
Bc5 28. a4 g6 29. Bb1 Nh5 30. Kh1 Ng7 31. Qd2 Qb6 32. Bc3 Bb4 33. Bxb4 axb4 34.
Nc2 Nf5 35. Qxb4 Qxb4 36. Nxb4 Nxe3 37. Rc1 d4 38. Nd3 Be6 39. Nc5 Bd5 40. Be4
b6 41. Bxd5 Nxd5 42. Rxe7 Rxe7 43. Ne4 f5 44. Nd6 Re2 45. h3 d3 46. Rc8+ Kg7
47. Nc4 d2 48. Nxd2 Rxd2 49. Rd8 Kf6 50. b4 Ke7 51. Rh8 h5 52. a5 bxa5 53. bxa5
Ra2 54. Ra8 Kf6 55. Kh2 h4 56. Ra7 Nf4 0-1

[Event "Eastern Ontario op"]
[Site "Ottawa CAN"]
[Date "2022.06.11"]
[Round "3"]
[White "Demchenko, Svitlana"]
[Black "Cortes Orihuela, Javier"]
[Result "1-0"]
[WhiteElo "2040"]
[BlackElo "2196"]
[PlyCount "139"]
[EventDate "2022.06.10"]
[EventType "swiss"]
[EventRounds "5"]
[EventCountry "CAN"]

1. d4 Nf6 2. c4 g6 3. Nc3 d5 4. cxd5 Nxd5 5. e4 Nxc3 6. bxc3 Bg7 7. Qa4+ c6 8.
Nf3 O-O 9. Qa3 h6 10. Be2 Nd7 11. O-O Re8 12. e5 Nb6 13. Re1 Be6 14. Bf4 Nd5
15. Bd2 b5 16. c4 bxc4 17. Bxc4 Nc7 18. Rac1 Qd7 19. Ba5 Rec8 20. Bxc7 Rxc7 21.
Bxe6 Qxe6 22. Rc5 Rac8 23. h3 Bf8 24. Ra5 Ra8 25. Qc3 Rd8 26. Qa3 Ra8 27. Qa4
Rb7 28. Rc1 Rab8 29. Rxa7 Rb1 30. Qd1 Qf5 31. Nd2 R1b2 32. Ra3 h5 33. Rf3 Qe6
34. Rb3 R8xb3 35. Nxb3 Qf5 36. Qf3 Qxf3 37. gxf3 Rxa2 38. Rxc6 Rb2 39. Rc3 Rb1+
40. Kg2 Rd1 41. f4 e6 42. Kf3 Be7 43. Ke4 Bh4 44. Rf3 Kg7 45. Ke3 Rb1 46. Ke2
Rb2+ 47. Nd2 Ra2 48. Rd3 Be7 49. Ke3 Bb4 50. Ne4 Ra3 51. Rxa3 Bxa3 52. Nf6 Be7
53. d5 exd5 54. Nxd5 Bc5+ 55. Kf3 Kf8 56. Nf6 Ke7 57. Ne4 Ba3 58. Ng5 f6 59.
Nh7 f5 60. Ng5 Bc1 61. Kg3 Bd2 62. Nf3 Bc3 63. Kh4 Kf7 64. Kg5 Bb4 65. Kh6 Bf8+
66. Kh7 Be7 67. Ng5+ Bxg5 68. fxg5 f4 69. f3 h4 70. Kh6 1-0

[Event "Eastern Ontario op"]
[Site "Ottawa CAN"]
[Date "2022.06.11"]
[Round "3"]
[White "Gordon, David"]
[Black "Jaferian, Koosha"]
[Result "1/2-1/2"]
[WhiteElo "2264"]
[BlackElo "2163"]
[PlyCount "55"]
[EventDate "2022.06.10"]
[EventType "swiss"]
[EventRounds "5"]
[EventCountry "CAN"]

1. c4 c5 2. g3 g6 3. Bg2 Bg7 4. Nc3 Nc6 5. Nf3 e5 6. a3 a5 7. O-O d6 8. d3 Nge7
9. Bd2 h6 10. Ne1 Be6 11. Nd5 O-O 12. Rb1 Rb8 13. Nc2 b5 14. b4 axb4 15. axb4
bxc4 16. dxc4 cxb4 17. Ncxb4 Kh7 18. Nxc6 Nxc6 19. Qa4 Nd4 20. Nc3 Rc8 21. e3
Rxc4 22. Qa6 Nf5 23. Bd5 Rxc3 24. Bxe6 Rc2 25. Ba5 Qa8 26. Qxa8 Rxa8 27. Bb3
Rc5 28. Bb6 1/2-1/2

[Event "Eastern Ontario op"]
[Site "Ottawa CAN"]
[Date "2022.06.11"]
[Round "3"]
[White "Plotkin, Victor"]
[Black "Saha, Ananda"]
[Result "1-0"]
[WhiteElo "2267"]
[BlackElo "2077"]
[PlyCount "79"]
[EventDate "2022.06.10"]
[EventType "swiss"]
[EventRounds "5"]
[EventCountry "CAN"]

1. e4 e6 2. d4 d5 3. Nc3 Nf6 4. exd5 exd5 5. Bd3 c5 6. Nf3 c4 7. Be2 Nc6 8. O-O
Be7 9. Bg5 h6 10. Bh4 Be6 11. Ne5 Qb6 12. Nxc6 bxc6 13. b3 Qa5 14. Na4 g5 15.
Bg3 Ne4 16. c3 Nxc3 17. Nxc3 Qxc3 18. bxc4 Bf6 19. Qa4 O-O 20. Rfd1 dxc4 21.
Rac1 Qb2 22. Bxc4 Bxc4 23. Qxc4 Rac8 24. Rb1 Qa3 25. Rb7 Rcd8 26. h3 c5 27. d5
Bd4 28. Bc7 Rd7 29. Rd3 Rxc7 30. Rxc7 Qa5 31. Re7 Qb6 32. Rb3 Bxf2+ 33. Kh1 Qf6
34. Qe4 Bd4 35. Rf3 Qa6 36. Rexf7 Rxf7 37. Qe8+ Kh7 38. Rxf7+ Bg7 39. Qe7 Qg6
40. d6 1-0

[Event "Eastern Ontario op"]
[Site "Ottawa CAN"]
[Date "2022.06.11"]
[Round "3"]
[White "Rusonik, Max"]
[Black "Xu, Daniel"]
[Result "1-0"]
[WhiteElo "2004"]
[BlackElo "2100"]
[PlyCount "81"]
[EventDate "2022.06.10"]
[EventType "swiss"]
[EventRounds "5"]
[EventCountry "CAN"]

1. e4 c5 2. Nf3 d6 3. d4 cxd4 4. Nxd4 Nf6 5. Nc3 a6 6. Bg5 e6 7. Qf3 Be7 8. Be2
Qc7 9. O-O Nbd7 10. Rae1 b5 11. a3 Bb7 12. Qg3 O-O 13. Bh6 Ne8 14. Bd3 Kh8 15.
Be3 Nc5 16. f4 Nf6 17. Qf3 Rac8 18. g4 d5 19. e5 Nfe4 20. Nce2 Nxd3 21. cxd3
Nc5 22. Bd2 Qb6 23. b4 Nd7 24. Be3 f6 25. Qg3 fxe5 26. fxe5 Rxf1+ 27. Rxf1 Qc7
28. Rf7 Nf8 29. Bg5 Bxg5 30. Rxc7 Rxc7 31. h4 Bd8 32. g5 g6 33. Nf4 Bc8 34. Qf2
Kg8 35. Nb3 Rf7 36. Nc5 Nd7 37. Nxd7 Bxd7 38. Qa7 Be7 39. Ne2 Bc8 40. Qb8 Rf8
41. Nd4 1-0

[Event "Eastern Ontario op"]
[Site "Ottawa CAN"]
[Date "2022.06.11"]
[Round "4"]
[White "Demchenko, Svitlana"]
[Black "Plotkin, Victor"]
[Result "1/2-1/2"]
[WhiteElo "2040"]
[BlackElo "2267"]
[PlyCount "112"]
[EventDate "2022.06.10"]
[EventType "swiss"]
[EventRounds "5"]
[EventCountry "CAN"]

1. e4 e5 2. Nf3 Nf6 3. d4 exd4 4. e5 Ne4 5. Qxd4 d5 6. exd6 Nxd6 7. Nc3 Nc6 8.
Qf4 Be6 9. Bd3 Qf6 10. Qa4 h6 11. Be3 Bd7 12. Nd5 Qd8 13. O-O-O Ne7 14. Qd4
Nxd5 15. Qxd5 Be7 16. Rhe1 Kf8 17. Ne5 Be6 18. Qf3 Kg8 19. Bc5 Bg5+ 20. Kb1 Qc8
21. Qg3 Bf6 22. f4 Nf5 23. Qf3 h5 24. Be4 c6 25. Qd3 g6 26. g4 hxg4 27. Nxg4
Bg7 28. Rg1 Qc7 29. Ne5 Rh6 30. Bd4 c5 31. Bc3 Nd4 32. Ng4 Rh4 33. f5 gxf5 34.
Nf6+ Kf8 35. Rxg7 fxe4 36. Qd2 Qf4 37. Rg8+ Ke7 38. Qxf4 Rxf4 39. Rxa8 Kxf6 40.
Rd8 e3 41. Bxd4+ cxd4 42. R8xd4 Rxd4 43. Rxd4 Ke5 44. Rd3 Ke4 45. Kc1 f5 46.
Rd6 Bf7 47. Rd7 Bh5 48. Rxb7 f4 49. Re7+ Kd4 50. Rd7+ Ke4 51. Re7+ Kf5 52. Rh7
Bf3 53. Rf7+ Kg4 54. Rg7+ Kf5 55. Rf7+ Kg4 56. Rg7+ Kf5 1/2-1/2

[Event "Eastern Ontario op"]
[Site "Ottawa CAN"]
[Date "2022.06.12"]
[Round "4"]
[White "Jaferian, Koosha"]
[Black "Sharma, Vishruth"]
[Result "1-0"]
[WhiteElo "2163"]
[BlackElo "2101"]
[PlyCount "95"]
[EventDate "2022.06.10"]
[EventType "swiss"]
[EventRounds "5"]
[EventCountry "CAN"]

1. d4 Nf6 2. g3 g6 3. Bg2 Bg7 4. e4 d6 5. Ne2 O-O 6. O-O e5 7. Nbc3 Nc6 8. Re1
Ng4 9. h3 exd4 10. Nb5 a6 11. Nbxd4 Nxd4 12. Nxd4 Qf6 13. Nf3 Ne5 14. Nh2 Re8
15. c3 Rb8 16. Be3 c5 17. Qc2 b5 18. Rad1 b4 19. cxb4 Rxb4 20. b3 Nc6 21. a3
Rb6 22. b4 Qc3 23. Qa4 Be6 24. Rc1 Bb3 25. Rxc3 Bxa4 26. Rcc1 Bb2 27. bxc5 Bxc1
28. cxb6 Bxe3 29. Rxe3 Rb8 30. Rd3 Rxb6 31. Rxd6 Rb3 32. Bf1 a5 33. Rd3 Rxd3
34. Bxd3 Nd4 35. Ng4 Nf3+ 36. Kf1 Kg7 37. Ne3 Bc6 38. Nc4 Bb5 39. Ke2 Ng1+ 40.
Ke3 Nxh3 41. f4 g5 42. Kf3 h5 43. Kg2 g4 44. Nb2 Bxd3 45. Nxd3 f5 46. e5 h4 47.
gxh4 Kf7 48. h5 1-0

[Event "Eastern Ontario op"]
[Site "Ottawa CAN"]
[Date "2022.06.12"]
[Round "4"]
[White "Saha, Ananda"]
[Black "Beaulieu, Eric"]
[Result "1-0"]
[WhiteElo "2077"]
[BlackElo "2147"]
[PlyCount "67"]
[EventDate "2022.06.10"]
[EventType "swiss"]
[EventRounds "5"]
[EventCountry "CAN"]

1. d4 Nf6 2. Bg5 d5 3. Bxf6 exf6 4. e3 Bd6 5. c4 dxc4 6. Bxc4 O-O 7. Nc3 Nd7 8.
Nge2 f5 9. Qc2 Nf6 10. Bd3 g6 11. a3 c6 12. g3 Re8 13. O-O Be6 14. Rad1 Qe7 15.
Rfe1 Rad8 16. h3 h5 17. Nf4 Bc8 18. Bc4 Kg7 19. d5 g5 20. Ng2 Ne4 21. Ne2 h4
22. gxh4 Rh8 23. dxc6 bxc6 24. f3 Ng3 25. Nd4 Bd7 26. f4 gxh4 27. Bd3 Qf6 28.
Kh2 c5 29. Nf3 Bc6 30. Qf2 c4 31. Ngxh4 Ne4 32. Bxe4 fxe4 33. Ng5 Rdg8 34. Rxd6
1-0

[Event "Eastern Ontario op"]
[Site "Ottawa CAN"]
[Date "2022.06.12"]
[Round "5"]
[White "Beaulieu, Eric"]
[Black "Petrovic, Milos"]
[Result "1-0"]
[WhiteElo "2147"]
[BlackElo "1981"]
[PlyCount "73"]
[EventDate "2022.06.10"]
[EventType "swiss"]
[EventRounds "5"]
[EventCountry "CAN"]

1. d4 Nf6 2. c4 e6 3. Nf3 b6 4. Nc3 Bb7 5. Bg5 Be7 6. Qc2 d5 7. cxd5 exd5 8. e3
Nbd7 9. Bd3 O-O 10. O-O h6 11. Bh4 c5 12. Rfe1 Ne4 13. Bg3 Ndf6 14. dxc5 Nxg3
15. hxg3 bxc5 16. Qa4 Qb6 17. b3 Rfd8 18. Rac1 Bf8 19. Qh4 Rac8 20. g4 Ne4 21.
g5 hxg5 22. Nxg5 Nxg5 23. Qxg5 g6 24. Ne2 Bg7 25. Nf4 Qf6 26. Qg4 Bh6 27. Ne2
d4 28. e4 Bxc1 29. Rxc1 Qe6 30. Qf3 Ba6 31. Nf4 Qc6 32. Nd5 Rxd5 33. exd5 Qd6
34. Qg4 Bb7 35. Re1 Rc7 36. Re8+ Kg7 37. Qh4 1-0

[Event "Eastern Ontario op"]
[Site "Ottawa CAN"]
[Date "2022.06.12"]
[Round "5"]
[White "Gordon, David"]
[Black "Sharma, Vishruth"]
[Result "1-0"]
[WhiteElo "2264"]
[BlackElo "2101"]
[PlyCount "115"]
[EventDate "2022.06.10"]
[EventType "swiss"]
[EventRounds "5"]
[EventCountry "CAN"]

1. c4 e5 2. g3 d6 3. Nf3 g6 4. Nc3 Bg7 5. Bg2 f5 6. O-O Nf6 7. d4 Nbd7 8. dxe5
dxe5 9. Ng5 Qe7 10. Nb5 Nc5 11. b4 Na6 12. c5 h6 13. Nf3 O-O 14. Bb2 e4 15. Ne5
Kh7 16. a3 Be6 17. Qc2 Ne8 18. f4 c6 19. Nd4 Bg8 20. g4 Bxe5 21. fxe5 Qg5 22.
gxf5 gxf5 23. e6 Ng7 24. Kh1 Nc7 25. Nxf5 Rxf5 26. Bxe4 Bxe6 27. Rg1 Raf8 28.
Rxg5 hxg5 29. Bxf5+ Bxf5 30. e4 Bg4 31. Kg1 Nh5 32. Rf1 Nf4 33. Be5 Nce6 34.
Bxf4 Nxf4 35. Qd2 Rf7 36. h4 Rd7 37. Qh2 Nh3+ 38. Kh1 Rd1 39. Qxh3 Bxh3 40.
Rxd1 gxh4 41. Rd2 Bg4 42. Rh2 h3 43. Rf2 Kg6 44. Kh2 Kg7 45. Kg3 Be6 46. e5 b6
47. Rf6 Bd5 48. Kxh3 bxc5 49. bxc5 a6 50. Kg3 a5 51. Kf4 a4 52. Ke3 Bb3 53.
Rxc6 Kf7 54. Rd6 Ke7 55. Kd4 Bd1 56. c6 Bg4 57. c7 Bf5 58. Rd8 1-0

[Event "Eastern Ontario op"]
[Site "Ottawa CAN"]
[Date "2022.06.12"]
[Round "5"]
[White "Plotkin, Victor"]
[Black "Jaferian, Koosha"]
[Result "1-0"]
[WhiteElo "2267"]
[BlackElo "2163"]
[PlyCount "117"]
[EventDate "2022.06.10"]
[EventType "swiss"]
[EventRounds "5"]
[EventCountry "CAN"]

1. e4 c6 2. Nc3 d5 3. Nf3 Bg4 4. h3 Bxf3 5. Qxf3 e6 6. d3 Nd7 7. Be2 Bc5 8. Qg3
Bd4 9. exd5 cxd5 10. O-O Ne7 11. Nb5 Be5 12. Nd6+ Kf8 13. Bf4 Ng6 14. Bxe5
Ndxe5 15. Nxb7 Qb6 16. d4 Qxd4 17. Qa3+ Kg8 18. Rfd1 Qb6 19. Nc5 h6 20. Nd3 Nc4
21. Qb3 Qc7 22. Qc3 Qe7 23. b3 Nd6 24. Qd4 Nf5 25. Qb4 Qf6 26. Rac1 Kh7 27. c4
d4 28. Bf3 Rab8 29. Qe1 e5 30. c5 Nfe7 31. b4 Qe6 32. c6 f5 33. g4 Rhf8 34. Nc5
Qd6 35. Nd7 Nh4 36. Bh1 Neg6 37. Nxf8+ Rxf8 38. c7 Rc8 39. Rc6 Qd7 40. gxf5
Qxf5 41. Qe4 Qxh3 42. Rd3 Qd7 43. Rg3 Qf7 44. Qc2 Kh8 45. Rgxg6 Nxg6 46. Qxg6
Qxg6+ 47. Rxg6 Rxc7 48. Rc6 Rd7 49. Rc8+ Kh7 50. Be4+ g6 51. Kf1 d3 52. Ke1 d2+
53. Kd1 Rd4 54. Rc7+ Kg8 55. Bxg6 Rxb4 56. Rxa7 Rd4 57. f3 Rd6 58. Be4 Rd4 59.
Re7 1-0

[Event "Eastern Ontario op"]
[Site "Ottawa CAN"]
[Date "2022.06.12"]
[Round "5"]
[White "Rusonik, Max"]
[Black "Saha, Ananda"]
[Result "1-0"]
[WhiteElo "2004"]
[BlackElo "2077"]
[PlyCount "98"]
[EventDate "2022.06.10"]
[EventType "swiss"]
[EventRounds "5"]
[EventCountry "CAN"]

1. e4 e6 2. d4 d5 3. Nc3 Nf6 4. e5 Nfd7 5. f4 c5 6. Nf3 Nc6 7. Be3 cxd4 8. Nxd4
Bc5 9. Qd2 a6 10. O-O-O O-O 11. h4 Bxd4 12. Bxd4 b5 13. Be3 Qc7 14. Qf2 Bb7 15.
Kb1 Na5 16. h5 Rfc8 17. h6 g6 18. Bd3 Nc4 19. Bxc4 bxc4 20. Bd4 Bc6 21. g4 Rab8
22. Rd2 a5 23. Rf1 a4 24. a3 Qb7 25. Nd1 c3 26. f5 Rf8 27. Bxc3 Bb5 28. Re1 Nb6
29. Qh4 Nd7 30. Rf2 Ba6 31. Bb4 Rfe8 32. Re3 d4 33. Ref3 exf5 34. gxf5 d3 35.
e6 dxc2+ 36. Kxc2 fxe6 37. fxg6 Ne5 38. Rf7 Bd3+ 39. Kd2 Bxg6 40. Rxb7 Rxb7 41.
Bc3 Rd7+ 42. Ke2 Nd3 43. Rf6 e5 44. Ne3 Nf4+ 45. Rxf4 exf4 46. Qxf4 Rde7 47.
Bd4 Re6 48. Kd2 Rf8 49. Qc7 Rf7 1-0

[Event "Etoiles montantes 3-A"]
[Site "Montreal CAN"]
[Date "2022.11.19"]
[Round "1"]
[White "Charaf, Bassel"]
[Black "Genzling, Jerome"]
[Result "0-1"]
[WhiteElo "2034"]
[BlackElo "1981"]
[PlyCount "88"]
[EventDate "2022.11.19"]
[EventType "tourn"]
[EventRounds "10"]
[EventCountry "CAN"]

1. e3 d5 2. b3 c5 3. Bb2 Nc6 4. Bb5 Bd7 5. Nf3 Nf6 6. O-O a6 7. Bxc6 Bxc6 8.
Ne5 Qc7 9. f4 e6 10. Nxc6 Qxc6 11. Bxf6 gxf6 12. d3 f5 13. Nd2 Bg7 14. Rb1
O-O-O 15. Qf3 Bc3 16. Rbd1 Rhg8 17. Nb1 Bf6 18. c4 Kb8 19. cxd5 Rxd5 20. e4
fxe4 21. dxe4 Rxd1 22. Rxd1 Bd4+ 23. Kh1 f6 24. Nd2 e5 25. Nc4 b5 26. Ne3 Bxe3
27. Qxe3 Rg4 28. Qh3 Rxf4 29. Qxh7 Qd6 30. Qg8+ Kb7 31. Qf7+ Qc7 32. Qg6 Qd8
33. Qf7+ Kb6 34. Qe6+ Ka5 35. Rb1 Qd3 36. b4+ cxb4 37. Rg1 Qxe4 38. h3 Qc4 39.
Qe7 Qxa2 40. Qc7+ Ka4 41. Qb6 a5 42. Qe3 b3 43. Qc3 Rc4 44. Qf3 b2 0-1

[Event "Etoiles montantes 3-A"]
[Site "Montreal CAN"]
[Date "2022.11.19"]
[Round "1"]
[White "Zheng, Richard"]
[Black "Guipi Bopala, Prince Eric jr"]
[Result "1-0"]
[WhiteElo "2232"]
[BlackElo "2041"]
[PlyCount "67"]
[EventDate "2022.11.19"]
[EventType "tourn"]
[EventRounds "10"]
[EventCountry "CAN"]

1. d4 d5 2. c4 e6 3. Nc3 Be7 4. cxd5 exd5 5. Qc2 Nf6 6. Bg5 O-O 7. e3 c6 8. Bd3
Nbd7 9. Nge2 Re8 10. O-O Nf8 11. Rab1 a5 12. a3 Ng6 13. Ng3 Ng4 14. Bxe7 Qxe7
15. h3 Nh6 16. Na4 Be6 17. b4 axb4 18. axb4 Rac8 19. Rfc1 Qg5 20. Kh2 Qh4 21.
Nf5 Nxf5 22. Bxf5 Ra8 23. Nc5 Bxf5 24. Qxf5 Ra2 25. Kg1 Rb8 26. b5 Ne7 27. Qf3
cxb5 28. Rxb5 h6 29. Nd7 Rba8 30. Rxb7 Ra1 31. Rxa1 Rxa1+ 32. Kh2 Ra2 33. Rb8+
Kh7 34. Nf8+ 1-0